The representation of the people act, 1950: as modified up to the Ist June 1956 (Record no. 396952)

000 -LEADER
fixed length control field 00408cam a22001217a 4500
008 - FIXED-LENGTH DATA ELEMENTS--GENERAL INFORMATION
fixed length control field 180718b1956 xxu||||| |||| 00| 0 eng d
082 ## - DEWEY DECIMAL CLASSIFICATION NUMBER
Classification number G9303x54 In2r/1950
245 ## - TITLE STATEMENT
Title The representation of the people act, 1950: as modified up to the Ist June 1956
Statement of responsibility, etc. by Ministry of Law
260 ## - PUBLICATION, DISTRIBUTION, ETC.
Place of publication, distribution, etc. New Delhi
Name of publisher, distributor, etc. Manager of Publications
Date of publication, distribution, etc. 1956
300 ## - PHYSICAL DESCRIPTION
Extent 17+p
500 ## - GENERAL NOTE
General note No. 43 of 1950
700 ## - ADDED ENTRY--PERSONAL NAME
Personal name India. Ministry of Law
Holdings
Withdrawn status Lost status Damaged status Not for loan Permanent Location Current Location Date acquired Full call number Barcode Date last seen Price effective from Koha item type
        Indian Institute of Public Administration Indian Institute of Public Administration 2001-06-06 G9303x54 In2r/1950 4291 2018-07-21 2018-07-21 Book

Powered by Koha